Châteaux du Monde par image n°2 - Statistiques

Statistiques générales
  • Ce quiz a été pris 102 fois
  • Le résultat moyen est 5 sur 15
Statistiques - réponses
Par images Hint Réponse % Correct
XVe Cité interdite à Pékin
91%
XIXe-XXe Maison Blanche à Washington
91%
XVIIIe Palais d'Hiver de Saint-Petersbourg
63%
XIVe Palais des Doges à Venise
46%
IXe-XXe Château de Prague
34%
XIIe-XVIIIe Château d'Edimbourg
28%
XVIIe Fort Rouge à Delhi
28%
XVIIIe Palais royal de Bangkok
23%
XVe-XVIe Palais de Topkapi à Istanbul
16%
XVIIIe Palais d’Amalienborg à Copenhague
14%
XIIe-XVIe Alcazar de Ségovie
9%
XVIIe Ali Qapou à Ispahan
9%
XIIIe Castel del Monte à Andria
5%
XIe-XIXe Château de Hohenzollern à Bisingen
4%
XIIe-XVIIIe Kasbah des Oudayas à Rabat
3%
Aucun quiz correspondant
Distribution des résultats
% des personnes avec chaque résultat
Percentile par nombre de réponses
Votre historique - résultats
Vous n’avez pas pris ce quiz